|
|
|
|
| LEADER |
00000cam a22000004a 4500 |
| 001 |
musev2_10199 |
| 003 |
MdBmJHUP |
| 005 |
20230905041149.0 |
| 006 |
m o d |
| 007 |
cr||||||||nn|n |
| 008 |
941021s1995 nyu o 00 0 eng d |
| 010 |
|
|
|z 94042398
|
| 020 |
|
|
|a 9781438420004
|
| 020 |
|
|
|z 0791424618
|
| 020 |
|
|
|z 1438420005
|
| 020 |
|
|
|z 9780791424612
|
| 035 |
|
|
|a (OCoLC)45731608
|
| 040 |
|
|
|a MdBmJHUP
|c MdBmJHUP
|
| 041 |
1 |
|
|a eng
|h heb
|
| 050 |
0 |
4 |
|a BM550.J84
|b S5513 1995
|
| 082 |
0 |
|
|a 181/.06
|2 20
|
| 100 |
1 |
|
|a Silman, Yochanan.
|
| 240 |
1 |
0 |
|a Ben filosof le-navi.
|l English
|
| 245 |
1 |
0 |
|a Philosopher and Prophet :
|b Judah Halevi, the Kuzari, and the Evolution of His Thought /
|c Yochanan Silman ; translated from the Hebrew by Lenn J. Schramm.
|
| 264 |
|
1 |
|a Albany :
|b State University of New York Press,
|c 1995.
|
| 264 |
|
3 |
|a Baltimore, Md. :
|b Project MUSE,
|c 2012
|
| 264 |
|
4 |
|c ©1995.
|
| 300 |
|
|
|a 1 online resource (370 pages).
|
| 336 |
|
|
|a text
|b txt
|2 rdacontent
|
| 337 |
|
|
|a computer
|b c
|2 rdamedia
|
| 338 |
|
|
|a online resource
|b cr
|2 rdacarrier
|
| 504 |
|
|
|a Includes bibliographical references (p. 345-347) and index.
|
| 588 |
|
|
|a Description based on print version record.
|
| 600 |
0 |
0 |
|a Judah,
|c ha-Levi,
|d 12th cent.
|t Kitāb al-ḥujjah.
|
| 650 |
|
0 |
|a Philosophy, Medieval.
|
| 650 |
|
0 |
|a Jewish philosophy.
|
| 655 |
|
7 |
|a Electronic books.
|2 local
|
| 710 |
2 |
|
|a Project Muse.
|e distributor
|
| 830 |
|
0 |
|a Book collections on Project MUSE.
|
| 856 |
4 |
0 |
|z Texto completo
|u https://projectmuse.uam.elogim.com/book/10199/
|
| 945 |
|
|
|a Project MUSE - Custom Collection
|
| 945 |
|
|
|a Project MUSE - Archive Complete Foundation
|
| 945 |
|
|
|a Project MUSE - Archive Philosophy and Religion Foundation
|
| 945 |
|
|
|a Project MUSE - Archive Jewish Studies Foundation
|